000 00698nam a2200289Ia 4500
005 20260324121936.0
008 008 260324s9999 xx 000 0 eng d
020 _a9780203092484
037 _aEBOOK
040 _aCRL
040 _beng
040 _cCRL
041 _2eng
041 _aeng
084 _qCRL
100 _aLinda A.W. Brakel
_91164488
245 4 _aThe Ontology of Psychology
245 0 _bQuestioning Foundations in the Philosophy of Mind
260 _bTaylor and Francis
260 _c2013
365 _a
365 _b240
856 _uhttp://www.taylorfrancis.com/books/9780203092484
942 _cEBOOK
999 _c1756885
_d1756885